00517 2200193 4500001002100000005001500021008004100036020002200077035001900099041000700118082001000125090001600135100001700151245005200168260003100220300003300251500001000284650002900294INLIS00000000000346220241224112728241224||||||||| | ||| |||| || |  a978-602-217-222-2 0010-1224003462 aid0 a704.9 a704.9 BAM g0 aBambang Trim00aGerbang Kreatifitas: Jagat Penulisan Penerbitan aJakartabBumi Aksarac2012 axi, 68 hlm. : ilus, ; 24 cm. aCet.1 0aIlmu Kesenian & Olahraga